| 000 | 01510cam a22004097a 4500 | ||
|---|---|---|---|
| 003 | CHAP | ||
| 005 | 20220817043612.0 | ||
| 008 | 000126d1999 mx r 00110 spa d | ||
| 010 | _a79529 | ||
| 011 | _a80501 | ||
| 035 | _a90952 | ||
| 040 | _cCHAP | ||
| 090 | _aTesis | ||
| 100 | 0 | 0 |
_aCardoso Esparza, José Manuel. _918916 |
| 245 | 1 | 0 |
_aNivel de energía en la dieta preparto sobre el contenido mineral en sangre de vacas Angus y Suizo pardo despues del parto _c/por José Manuel Cardoso Esparza |
| 260 |
_aChapingo, Méx. : _bEl autor, _c1999. |
||
| 300 | _a69 h. | ||
| 502 | _aTesis (Ing. Agr. Esp. en Zootecnia) -- UACH. Departamento de Zootecnia | ||
| 590 |
_aALEPH _b10 _c20130110 _lUCH01 _h1431 |
||
| 590 |
_aBATCH-UPD _b10 _c20130110 _lUCH01 _h0306 |
||
| 590 |
_aBATCH-UPD _b10 _c20130110 _lUCH01 _h1225 |
||
| 590 |
_aBATCH-UPD _b10 _c20130409 _lUCH01 _h2338 |
||
| 590 |
_aBATCH-UPD _b10 _c20130410 _lUCH01 _h1401 |
||
| 590 |
_aBATCH-UPD _b10 _c20130914 _lUCH01 _h0843 |
||
| 590 |
_aCONVERSION _b10 _c20130109 _lUCH01 _h1344 |
||
| 650 | 1 | 4 |
_aEnergía metabólica. _936906 |
| 650 | 1 | 4 |
_aGanado Angus. _944962 |
| 650 | 1 | 4 |
_aGanado de carne _xAlimentación. _945068 |
| 650 | 1 | 4 | _aGanado Pardo Suizo. |
| 650 | 1 | 4 |
_aMinerales en nutrición animal. _975937 |
| 901 | _aBK | ||
| 905 | _aLilia Sánchez G. | ||
| 942 | _cFOLL | ||
| 949 |
_bBC _cTES _d33724000745428 _eTS2 _fc.2 _h34857 _i90952 _sb |
||
| 949 |
_bBC _cTES _d33724000751137 _eTS2 _fc.3 _h35346 _i90952 _sb |
||
| 949 |
_bBC _cTES _d909521 _eTS1 _h34856 _i90952 _sb |
||
| 999 |
_c79529 _d79529 |
||